HandBook of Plant Virus Diseases (Record no. 16439)

000 -LEADER
fixed length control field 00426nam a22001697a 4500
003 - CONTROL NUMBER IDENTIFIER
control field OSt
005 - DATE AND TIME OF LATEST TRANSACTION
control field 20170105103440.0
008 - FIXED-LENGTH DATA ELEMENTS--GENERAL INFORMATION
fixed length control field 120216t xxu||||| |||| 00| 0 eng d
020 ## - INTERNATIONAL STANDARD BOOK NUMBER
International Standard Book Number 0849323029
040 ## - CATALOGING SOURCE
Original cataloging agency ASAB
Transcribing agency ASAB
100 ## - MAIN ENTRY--PERSONAL NAME
Relator code Handbook of Plant Virus Diseases
Personal name Dragolijub D .Sutic
9 (RLIN) 29
245 ## - TITLE STATEMENT
Title HandBook of Plant Virus Diseases
260 ## - PUBLICATION, DISTRIBUTION, ETC.
Place of publication, distribution, etc. USA
Name of publisher, distributor, etc. CRC
300 ## - PHYSICAL DESCRIPTION
Extent 553
650 ## - SUBJECT ADDED ENTRY--TOPICAL TERM
Source of heading or term Plant Virus
9 (RLIN) 30
942 ## - ADDED ENTRY ELEMENTS (KOHA)
Source of classification or shelving scheme
Koha item type Book
Holdings
Withdrawn status Lost status Source of classification or shelving scheme Damaged status Not for loan Permanent Location Current Location Date acquired Total Checkouts Total Renewals Full call number Barcode Date last seen Date last checked out Price effective from Koha item type
          Central Library (CL) Central Library (CL) 02/16/2012 1 3 632.8 SUT ASAB732 10/21/2020 03/12/2020 02/16/2012 Book
© 2023 Central Library, National University of Sciences and Technology. All Rights Reserved.